=LDR 00000nam 2200000 4500 =001 INLIS000000000049066 =005 20170119105204.0 =006 =007 =008 =020 ##$$a 979-002-432-0 =035 ##$$0010-011700000000347 =040 ##$$a NBPDMAT =082 ##$$a 598 =090 ##$$a 598 Rus a =100 ##$$a Rusli Turut =245 ##$$a Agar cucakrawa rajin berkicau $c Rusli Turut =260 ##$$a Jakarta $b Penebar Swadaya $c 2010 =300 ##$$a 123 hlm. $b ilus $c 23 cm. =500 ##$$a Bibliografi : hlm. 122 Biografi : hlm. 123 =650 ##$$a Burung =850 ##$$a NBPDMAT